000 00417pam a2200157a 44500
008 230515b1999 xxu||||| |||| 00| 0 eng d
020 _a81-87328-10-X
041 _aENGL
082 _a001.642. RAJ.
100 _a"RAJARAM R.,"
245 _aC PROGRAMMING MADE EASY
250 _a0
260 _aCHENNI
_bSCITECH PUBLICATIONS
_c1999
300 _a312
650 _a"KNOWLEDGE,DADA PROCESSING,COMPUTER PROGRAMMING C"
999 _c534606
_d534606